Kliknij województwa II RP na mapie - Statystyki

Ogólne statystyki
  • Ten quiz został rozwiązany 58 razy
  • Średni wynik to 15 z 17
Odpowiedzi na mapie
Odpowiedzi zakodowano w zielono-czerwonej skali na mapie do tego quizu, zgodnie z poniższymi procentami.
 
Statystyki odpowiedzi
Odpowiedź % Poprawnych
Kieleckie
98%
Pomorskie
98%
Poznańskie
96%
Warszawa
96%
Krakowskie
94%
Warszawskie
94%
Lubelskie
92%
Śląskie
92%
Wołyńskie
92%
Białostockie
88%
Łódzkie
84%
Nowogrodzkie
82%
Wileńskie
82%
Lwowskie
78%
Poleskie
78%
Tarnopolskie
78%
Stanisławowskie
74%
Nie znaleziono quizów pasujących do podanych kryteriów
Rozkład punktacji
Procent ludzi z każdym wynikiem
Percentyl według liczby udzielonych odpowiedzi
Twoja historia wyników
Nie rozwiązałeś tego quizu